000 00237 a2200097 4500
001 45940
100 _aArmour, T
245 _aHow to play your best golf all the time
260 _aNew York
_bSimon and schuster
_c
090 _c29058
_d29058
942 _aNUST-CAE
_cM
_c21178
999 _c281013
_d281013